Statistics for Lethal Company Scrap Items

Click here to take the quiz!

General Stats

  • This quiz has been taken 49 times
    (28 since last reset)
  • The average score is 21 of 53

Answer Stats

Approximate ValueScrap Item% Correct
44-56Bottles
75%
20-56V-type Engine
75%
80-160Cash Register
70%
80Apparatus
65%
22-52Easter Egg
65%
3-5Key
65%
60-124Painting
65%
20-52Stop Sign
65%
102-210Gold Bar
60%
36-56Large Axle
60%
2-100Rubber Ducky
60%
52-72Clown Horn
55%
30-90Double-barrel
55%
56-88Robot Toy
55%
10-22Tattered Metal Sheet
55%
18-36Yield Sign
55%
28-52Comedy
50%
60-100Hairdryer
50%
60-84Teeth
50%
28-52Tragedy
50%
52-72Airhorn
45%
40-150Bee Hive
45%
20-32Big Bolt
45%
8-36Hair Brush
45%
35Kitchen Knife
45%
32-84Chemical Jug
40%
60-128Fancy Lamp
40%
20-48Remote
35%
24-44Toy Cube
35%
6-20Whoopie-Cushion
35%
24-68Coffee Mug
30%
16-44Flask
30%
40-80Golden Cup
30%
32-60Jar of Pickles
30%
32-100Laser Pointer
30%
48-104Perfume Bottle
30%
28-40Plastic Fish
30%
16-32Steering Wheel
30%
6-36Candy
25%
12-28Gift Box
25%
44-60Magnifying Glass
25%
48-64Old Phone
25%
14-48Toothpaste
25%
48-80Brass Bell
20%
12-40Cookie Mold Pan
20%
12-32Dust Pan
20%
12-44Egg Beater
20%
16-40Pill Bottle
20%
18-90Red Soda
20%
32-56Tea Kettle
15%
10-28DIY-flashbang
10%
36-72Magic 7 Ball
10%
52-80Ring
10%

Score Distribution

Percentile by Number Answered

Percent of People with Each Score

Your Score History

You have not taken this quiz since the last reset